00354 a2200145 4500003000400000005001700004008004100021040000900062082002000071100001800091245004200109250001200151260003500163300001000198OSt20240212115838.0240212b |||||||| |||| 00| 0 eng d coclc a894.8123bPAL/M aPallath, Baby aMalayora paristhithi /cBaby, Pallath a1st ed. aCalicut:bGeethanjali ,c2021. a135p.